| 000 | 00659naa a2200217 i 4500 | ||
|---|---|---|---|
| 001 | 28864 | ||
| 003 | ES-MaBCM | ||
| 005 | 20241016094928.0 | ||
| 008 | 940304s1993 che 000 0 spa d | ||
| 021 | _axx | ||
| 035 | _a(OCoLC)1293206876 | ||
| 040 | _cES-MaBCM | ||
| 041 | 0 | _aspa | |
| 043 | _ache | ||
| 100 | 1 |
_aPérez del Castillo, Santiago _936287 |
|
| 245 | 1 | 3 |
_aEl Mercosur, historia y esperanza _cSantiago Pérez del Castillo |
| 650 | 2 | 7 |
_aCooperación económica _958132 |
| 651 | 0 |
_aAmérica del Sur _9118540 |
|
| 773 | 0 |
_aEn: _tRevista internacional del trabajo _dGenéve : 1993 _w104633 _gvol. 112, n. 4, p. 531-546. - Loc. S.375 |
|
| 942 | _cAREV | ||
| 999 |
_c28864 _d28864 |
||